000 00884cab a2200253 4500
001 ABS46293
008 090401t1992 xxu||||| |||| 00| 0 eng d
035 _a(Sirsi) u57618
041 _aeng
100 _aBarclay, M.
245 _aInsolvency: to possess or to receive?
260 _c1992
350 _a0
490 _aEstates Gazette
_v(9214) 11 April 1992, 104-114(2)
520 _aWeighs up the pros and cons of mortgagees taking possession, when the mortgagor has defaulted on payments, as opposed to appointing a receiver under Law of Property Act 1925. Stresses the liabilities of the mortgagee taking possession.
650 _aInsolvency
_96247
650 _aLAW OF PROPERTY ACT 1925 S109
650 _aLAW OF PROPERTY ACT RECEIVERS
650 _aMORTGAGEES
650 _aRECEIVERS
690 _aPROPERTY LAW AND PRACTICE
942 _n0
948 _c04/03/1997
999 _c35152
_d35152